000 00957nmm a2200289 a 4500
001 ocm0001865006
003 TR-IsHL
005 20201028172331.0
008 180525s2017 tu tur
007 cr cn
020 _a9786054810499
035 _a1865006
_b(N$T)
050 0 4 _aB753.G33
_bG3919 2017
090 0 4 _aB753.G33
_bG3919 2017
100 1 _aİmam-ı Gazâli
245 1 0 _aEy oğul
_h[electronic resource] /
_cİmam-ı Gazâli ; tercüme eden Osman Yolcuoğlu
260 _aİstanbul :
_bGelenek Yayıncılık,
_c2017
300 _a140 p.
500 _aÖzgün yapıt adı : Eyyühe'l veled
_x
650 4 _aFelsefe, Psikoloji ve Din
650 4 _aPhilosophy, Psychology and Religion
650 0 _aİslam ahlakı
650 0 _aIslamic ethic
650 7 _aPHILOSOPHY / Religious
_2bisacsh
700 1 _aYolcuoğlu, Osman
856 4 0 _uhttp://search.ebscohost.com/login.aspx?direct=true&scope=site&db=e011xww&AN=1865006
999 _c17148
_d17148